[Event "Chesterfield SPICE Cup op"]
[Site "Chesterfield"]
[Date "2022.12.22"]
[Round "7"]
[White "Liu, Eric"]
[Black "Tarini, Goyal"]
[Result "1-0"]
[WhiteElo "2172"]
[BlackElo "2223"]
[PlyCount "149"]
[EventDate "2022.12.18"]
[EventType "swiss"]
[EventRounds "9"]
[EventCountry "USA"]
[SourceTitle "CBM 212 Extra"]
[Source "ChessBase"]
[SourceDate "2023.03.31"]
[SourceVersion "1"]
[SourceVersionDate "2023.03.31"]
[SourceQuality "1"]

1. e4 c5 2. Nc3 g6 3. Nge2 Bg7 4. d4 cxd4 5. Nxd4 Nc6 6. Be3 Nf6 7. Bc4 Qa5 8. 0-0 0-0 9. Bb3 d6 10. h3 Bd7 11. Re1 Qd8 12. f4 Nxd4 13. Bxd4 Bc6 14. Nd5 Nd7 15. c3 Nc5 16. Bc2 Rc8 17. Bxg7 Kxg7 18. Qd4+ f6 19. Rad1 e5 20. Qf2 a5 21. a3 Rf7 22. Rd2 a4 23. Nb4 Qc7 24. f5 Rd8 25. Qf3 Qb6 26. Kh2 Qc7 27. Red1 Rfd7 28. Qg4 Rf7 29. h4 Qe7 30. Rf1 Qe8 31. Rdf2 Rf8 32. Re1 Qf7 33. Rd2 Rd7 34. Red1 Rfd8 35. Nd5 Bxd5 36. Rxd5 Kh8 37. Qf3 Qg7 38. g3 b6 39. Bd3 gxf5 40. Qxf5 Qf8 41. Bf1 Rg7 42. Bh3 Rg6 43. Qf3 Qe7 44. Bf5 Rg7 45. Qe3 Rdg8 46. Rxd6 Rxg3 47. Qxg3 Rxg3 48. Kxg3 Qg7+ 49. Kh3 Qh6 50. Rg1 Qf8 51. Rd2 h5 52. Rg6 b5 53. Rdg2 Nd3 54. Kh2 Nf4 55. Rg8+ Qxg8 56. Rxg8+ Kxg8 57. Bd7 Nd3 58. Bxb5 Nc5 59. Kg2 Kf7 60. Kf3 Ke7 61. Ke3 Kf7 62. Be2 Kg6 63. Bd1 Kh6 64. c4 Kg6 65. Bc2 f5 66. exf5+ Kf6 67. Kd2 e4 68. Ke3 Kxf5 69. Kd4 Ne6+ 70. Kd5 Nf4+ 71. Kd6 Nd3 72. c5 Nxb2 73. c6 Nc4+ 74. Kc5 Nxa3 75. Bxe4+ 1-0

[Event "Chesterfield SPICE Cup op"]
[Site "Chesterfield"]
[Date "2022.12.22"]
[Round "8"]
[White "Tarini, Goyal"]
[Black "Reiss, Aiden"]
[Result "1/2-1/2"]
[WhiteElo "2223"]
[BlackElo "2004"]
[PlyCount "51"]
[EventDate "2022.12.18"]
[EventType "swiss"]
[EventRounds "9"]
[EventCountry "USA"]
[SourceTitle "CBM 212 Extra"]
[Source "ChessBase"]
[SourceDate "2023.03.31"]
[SourceVersion "1"]
[SourceVersionDate "2023.03.31"]
[SourceQuality "1"]

1. d4 Nf6 2. b3 d5 3. Bb2 g6 4. Nf3 Bg7 5. g3 Ne4 6. Bg2 c5 7. 0-0 Nc6 8. c3 0-0 9. dxc5 Nxc5 10. Nbd2 e5 11. Ba3 b6 12. b4 Ne6 13. b5 Ne7 14. e4 d4 15. cxd4 exd4 16. e5 Bb7 17. Rc1 a6 18. Bd6 axb5 19. Nb3 Rxa2 20. Ra1 Rxa1 21. Qxa1 Qd7 22. Nbxd4 Ra8 23. Qb1 Nxd4 24. Nxd4 Bxg2 25. Kxg2 Nc6 26. Qe4 1/2-1/2

[Event "Chesterfield SPICE Cup op"]
[Site "Chesterfield"]
[Date "2022.12.20"]
[Round "4"]
[White "Tarini, Goyal"]
[Black "Yip, Carissa"]
[Result "0-1"]
[WhiteElo "2223"]
[BlackElo "2385"]
[PlyCount "106"]
[EventDate "2022.12.18"]
[EventType "swiss"]
[EventRounds "9"]
[EventCountry "USA"]
[SourceTitle "CBM 212 Extra"]
[Source "ChessBase"]
[SourceDate "2023.03.31"]
[SourceVersion "1"]
[SourceVersionDate "2023.03.31"]
[SourceQuality "1"]

1. d4 g6 2. c4 Bg7 3. Nc3 Nf6 4. Nf3 0-0 5. g3 d5 6. cxd5 Nxd5 7. Bg2 c5 8. 0-0 Nxc3 9. bxc3 Nc6 10. Rb1 Qa5 11. Qc2 Rd8 12. Bd2 Qa6 13. Bf4 cxd4 14. cxd4 Bxd4 15. Qb3 Bg7 16. Rfe1 h6 17. a4 e5 18. Be3 Na5 19. Qb5 Qxb5 20. Rxb5 Nc4 21. Rc1 Nxe3 22. fxe3 e4 23. Ne5 a6 24. Rbc5 b6 25. Nc6 bxc5 26. Nxd8 f5 27. Rxc5 Bd7 28. Nb7 Bxa4 29. g4 Rb8 30. Rc7 Be5 31. Re7 Bf6 32. Rc7 Bg5 33. Kf2 Rf8 34. gxf5 Rxf5+ 35. Kg3 Bxe3 36. Rc8+ Rf8 37. Rxf8+ Kxf8 38. Bxe4 Bb6 39. Bd3 Bb5 40. Be4 Ke7 41. Kf4 g5+ 42. Ke5 Bxe2 43. Kd5 Bc7 44. h3 Bf1 45. Kc6 Bf4 46. Bf5 Bd2 47. Kb6 h5 48. Bc8 h4 49. Bg4 a5 50. Nxa5 Bxa5+ 51. Kxa5 Kd6 52. Kb4 Ke5 53. Kc3 Kf4 0-1

[Event "Budapest FS04 IM"]
[Site "Budapest"]
[Date "2022.04.12"]
[Round "9"]
[White "Bodi, Tibor"]
[Black "Tarini, Goyal"]
[Result "1/2-1/2"]
[WhiteElo "2289"]
[BlackElo "2189"]
[PlyCount "80"]
[EventDate "2022.04.02"]
[EventType "tourn"]
[EventRounds "9"]
[EventCountry "HUN"]
[EventCategory "1"]
[SourceTitle "CBM 207 Extra"]
[Source "ChessBase"]
[SourceDate "2022.05.31"]
[SourceVersion "1"]
[SourceVersionDate "2022.05.31"]
[SourceQuality "1"]

1. Nf3 d5 2. e3 Nf6 3. c4 e6 4. b3 Be7 5. Bb2 b6 6. cxd5 exd5 7. Nc3 0-0 8. d4 c5 9. Be2 Bb7 10. 0-0 Nbd7 11. Rc1 a6 12. Bd3 Ne4 13. Na4 c4 14. bxc4 dxc4 15. Bxe4 Bxe4 16. Nc3 Bg6 17. e4 b5 18. a3 Rb8 19. Re1 b4 20. axb4 Bxb4 21. d5 Bh5 22. h3 Bxf3 23. Qxf3 Ne5 24. Qg3 Nd3 25. Ba1 Bc5 26. Nd1 f6 27. Ne3 Bxe3 28. Qxe3 Nxc1 29. Rxc1 Qb6 30. Bd4 Qb3 31. Bc3 Qa2 32. e5 fxe5 33. Ra1 Rb1+ 34. Kh2 Rxa1 35. Qxe5 Rh1+ 36. Kxh1 Qb1+ 37. Kh2 Qg6 38. d6 Qf7 39. f4 Qd7 40. g4 Qf7 1/2-1/2

[Event "Budapest FS04 IM"]
[Site "Budapest"]
[Date "2022.04.11"]
[Round "8"]
[White "Tarini, Goyal"]
[Black "Snehal, Bohosale"]
[Result "1-0"]
[WhiteElo "2189"]
[BlackElo "2236"]
[PlyCount "81"]
[EventDate "2022.04.02"]
[EventType "tourn"]
[EventRounds "9"]
[EventCountry "HUN"]
[EventCategory "1"]
[SourceTitle "CBM 207 Extra"]
[Source "ChessBase"]
[SourceDate "2022.05.31"]
[SourceVersion "1"]
[SourceVersionDate "2022.05.31"]
[SourceQuality "1"]

1. d4 Nf6 2. c4 c5 3. e3 g6 4. Nf3 Bg7 5. Be2 0-0 6. 0-0 d5 7. Nc3 dxc4 8. Bxc4 a6 9. a4 Bg4 10. d5 Nbd7 11. Be2 Qc7 12. e4 c4 13. Be3 Nh5 14. h3 Bxf3 15. Bxf3 f5 16. exf5 Rxf5 17. d6 Qxd6 18. Qxd6 exd6 19. Bd5+ Rxd5 20. Nxd5 Nhf6 21. Nxf6+ Bxf6 22. Rad1 Bxb2 23. Rxd6 Ne5 24. Rb6 Nd3 25. Rxb7 Rc8 26. Rd1 Bc3 27. Rdb1 Be5 28. Rd7 Nb2 29. f4 Bh8 30. a5 c3 31. Rc1 Nc4 32. Bd4 Nxa5 33. Bxh8 Kxh8 34. Rd3 c2 35. Rd2 Rc4 36. Rcxc2 Rxf4 37. Rc7 Rf8 38. Rdd7 Rb8 39. Rxh7+ Kg8 40. Rcg7+ Kf8 41. Rh8+ 1-0

[Event "Budapest FS04 IM"]
[Site "Budapest"]
[Date "2022.04.09"]
[Round "7"]
[White "Papp, Gellert"]
[Black "Tarini, Goyal"]
[Result "1-0"]
[WhiteElo "2272"]
[BlackElo "2189"]
[PlyCount "57"]
[EventDate "2022.04.02"]
[EventType "tourn"]
[EventRounds "9"]
[EventCountry "HUN"]
[EventCategory "1"]
[SourceTitle "CBM 207 Extra"]
[Source "ChessBase"]
[SourceDate "2022.05.31"]
[SourceVersion "1"]
[SourceVersionDate "2022.05.31"]
[SourceQuality "1"]

1. Nf3 d5 2. g3 Nf6 3. Bg2 e6 4. 0-0 b6 5. c4 Bb7 6. cxd5 exd5 7. d4 Be7 8. Ne5 0-0 9. Nc3 a5 10. Bf4 c6 11. Rc1 b5 12. e4 b4 13. exd5 Nxd5 14. Nxd5 cxd5 15. Re1 Bf6 16. Qa4 Qb6 17. Rc5 Na6 18. Qb5 Qa7 19. Rcc1 Rfd8 20. Be3 Rac8 21. Rxc8 Rxc8 22. Qd7 Bxe5 23. dxe5 Qa8 24. e6 Rf8 25. e7 Re8 26. Rc1 b3 27. a3 h6 28. Bd4 Kh7 29. Bf1 1-0

[Event "Budapest FS04 IM"]
[Site "Budapest"]
[Date "2022.04.04"]
[Round "3"]
[White "Tarini, Goyal"]
[Black "Bogdanov, Egor"]
[Result "1-0"]
[WhiteElo "2189"]
[BlackElo "2426"]
[PlyCount "129"]
[EventDate "2022.04.02"]
[EventType "tourn"]
[EventRounds "9"]
[EventCountry "HUN"]
[EventCategory "1"]
[SourceTitle "CBM 207 Extra"]
[Source "ChessBase"]
[SourceDate "2022.05.31"]
[SourceVersion "1"]
[SourceVersionDate "2022.05.31"]
[SourceQuality "1"]

1. d4 Nf6 2. Nf3 c5 3. e3 g6 4. dxc5 Qa5+ 5. Nbd2 Qxc5 6. a3 Bg7 7. b4 Qc7 8. Bb2 0-0 9. c4 d6 10. Be2 a5 11. 0-0 Nc6 12. Qb3 Be6 13. Nd4 Nxd4 14. Bxd4 b5 15. Rfc1 Rfc8 16. Qd1 bxc4 17. Nxc4 Bxc4 18. Rxc4 Qd8 19. Rxc8 Rxc8 20. b5 Nd7 21. Rc1 Bxd4 22. exd4 Nb6 23. Bf3 d5 24. Rc5 e6 25. Qc1 Rb8 26. Be2 Qf6 27. Qe3 Nc8 28. Qg3 Qxd4 29. Rxd5 Qxd5 30. Qxb8 Qc5 31. b6 Kg7 32. Qc7 Qxb6 33. Qxc8 Qb2 34. Qc4 Qxa3 35. Qd4+ Kg8 36. g3 Qc1+ 37. Kg2 Qc6+ 38. Bf3 Qb5 39. Qd8+ Kg7 40. Qd4+ e5 41. Qd6 a4 42. Bd5 a3 43. Qxe5+ Kf8 44. Qe4 Qa5 45. Ba2 Qa7 46. Qd5 Kg8 47. Qf3 Kf8 48. h4 h5 49. Qf6 Qb7+ 50. Kg1 Qd7 51. Qh8+ Ke7 52. Qe5+ Kf8 53. Qc5+ Qe7 54. Qxe7+ Kxe7 55. Kg2 f6 56. Kf3 Kd6 57. Ke4 Kc6 58. f4 Kd6 59. f5 g5 60. hxg5 fxg5 61. f6 h4 62. gxh4 gxh4 63. Kf4 h3 64. Kg3 h2 65. Kxh2 1-0

[Event "Budapest Vezerkepzo 7 Days"]
[Site "Budapest"]
[Date "2022.03.31"]
[Round "7"]
[White "Tarini, Goyal"]
[Black "Papp, Levente"]
[Result "0-1"]
[WhiteElo "2164"]
[BlackElo "2402"]
[PlyCount "59"]
[EventDate "2022.03.27"]
[EventType "tourn"]
[EventRounds "9"]
[EventCountry "HUN"]
[EventCategory "4"]
[SourceTitle "CBM 207 Extra"]
[Source "ChessBase"]
[SourceDate "2022.05.31"]
[SourceVersion "1"]
[SourceVersionDate "2022.05.31"]
[SourceQuality "1"]

1. d4 Nf6 2. c4 e6 3. Nc3 Bb4 4. e3 0-0 5. Bd3 d6 6. Nge2 c5 7. 0-0 Nc6 8. Na4 Qe7 9. b3 Ba5 10. Bb2 Bc7 11. Ng3 cxd4 12. exd4 d5 13. Re1 Rd8 14. c5 g6 15. a3 Qf8 16. b4 Ne7 17. Bc1 Qg7 18. Nc3 Bd7 19. Qf3 g5 20. Nh5 Nxh5 21. Qxh5 h6 22. h4 Qxd4 23. Qf3 g4 24. Qe2 g3 25. Nd1 Qxh4 26. Qf3 Ng6 27. Bb2 Bf4 28. fxg3 Bxg3 29. Nf2 Nf4 30. Bc2 0-1

[Event "Budapest Vezerkepzo 7 Days"]
[Site "Budapest"]
[Date "2022.03.30"]
[Round "5"]
[White "Bogdanov, Egor"]
[Black "Tarini, Goyal"]
[Result "1-0"]
[WhiteElo "2427"]
[BlackElo "2164"]
[PlyCount "125"]
[EventDate "2022.03.27"]
[EventType "tourn"]
[EventRounds "9"]
[EventCountry "HUN"]
[EventCategory "4"]
[SourceTitle "CBM 207 Extra"]
[Source "ChessBase"]
[SourceDate "2022.05.31"]
[SourceVersion "1"]
[SourceVersionDate "2022.05.31"]
[SourceQuality "1"]

1. e4 c6 2. d4 d5 3. e5 c5 4. c3 e6 5. f4 Nc6 6. Nf3 cxd4 7. cxd4 Bb4+ 8. Nc3 Nge7 9. Bd3 Nf5 10. Bxf5 exf5 11. Bd2 0-0 12. 0-0 Be6 13. Ne2 Be7 14. Rc1 Qb6 15. Bc3 Rac8 16. Kh1 Na5 17. b3 Nc6 18. Be1 Nb4 19. Bh4 Bxh4 20. Nxh4 Nxa2 21. Rxc8 Bxc8 22. Qd3 Nb4 23. Qh3 Nc6 24. Nxf5 Bxf5 25. Qxf5 Nxd4 26. Nxd4 Qxd4 27. h3 Qe4 28. Qd7 d4 29. Rf3 h5 30. Kh2 h4 31. Qe7 Qd5 32. Qxh4 Qd8 33. Qxd8 Rxd8 34. Rd3 Rd5 35. Kg3 Rb5 36. Kf3 Kf8 37. Ke4 Rb4 38. f5 Ke7 39. g4 g5 40. Kd5 a5 41. Kc5 Ke8 42. Kd6 Rb6+ 43. Kd5 Rb4 44. Rf3 Kd7 45. Kc5 b6+ 46. Kd5 Rb5+ 47. Kxd4 Rb4+ 48. Kc3 Re4 49. Rd3+ Ke7 50. Rd5 Re3+ 51. Kc4 Rxh3 52. Rb5 Rg3 53. Rxb6 Rxg4+ 54. Kd5 Rb4 55. f6+ Kd7 56. Ra6 Rb5+ 57. Ke4 g4 58. Ra7+ Ke8 59. Ra8+ Kd7 60. Rf8 g3 61. Rxf7+ Ke8 62. Rg7 Rxb3 63. e6 1-0

[Event "Budapest Vezerkepzo IM 03"]
[Site "Budapest"]
[Date "2022.03.26"]
[Round "9"]
[White "Tarini, Goyal"]
[Black "Sahithi Varshini, M."]
[Result "0-1"]
[WhiteElo "2164"]
[BlackElo "2188"]
[PlyCount "148"]
[EventDate "2022.03.17"]
[EventType "tourn"]
[EventRounds "9"]
[EventCountry "HUN"]
[SourceTitle "CBM 207 Extra"]
[Source "ChessBase"]
[SourceDate "2022.05.31"]
[SourceVersion "1"]
[SourceVersionDate "2022.05.31"]
[SourceQuality "1"]

1. d4 Nf6 2. g3 d5 3. Bg2 g6 4. c4 c6 5. Nf3 Bg7 6. 0-0 0-0 7. b3 Bf5 8. Bb2 Nbd7 9. Nbd2 Be4 10. Nxe4 Nxe4 11. Ne5 Rc8 12. Qd3 f5 13. Rad1 Ndf6 14. f3 Ng5 15. h4 Nf7 16. Qe3 Nh5 17. f4 Nf6 18. Bf3 Nd6 19. Kg2 Qe8 20. cxd5 cxd5 21. Rc1 Nde4 22. Ba3 Nd6 23. Rh1 Qb5 24. Bc5 b6 25. a4 Qa6 26. Ba3 Qb7 27. Rxc8 Rxc8 28. Rc1 Kf8 29. Rxc8+ Qxc8 30. Qc1 Qxc1 31. Bxc1 Nfe4 32. e3 Bxe5 33. fxe5 Nb7 34. Bxe4 fxe4 35. Bd2 Kf7 36. g4 a6 37. Kg3 Nd8 38. g5 Ke6 39. Kg4 Nc6 40. Bc3 Kf7 41. Kf4 Nd8 42. Kg4 Ne6 43. Bd2 Ng7 44. Kf4 Ke6 45. Kg4 Nf5 46. Kh3 Ng7 47. Kg4 Kf7 48. Kf4 Ne6+ 49. Kg4 Nd8 50. Kf4 Nc6 51. Bc3 Ke6 52. Bd2 a5 53. Bc3 Kd7 54. Kg3 Kc7 55. Kf2 Kb7 56. Ke2 Ka6 57. Kd1 b5 58. Be1 Na7 59. axb5+ Kxb5 60. Kc2 Nc6 61. Bd2 e6 62. Be1 Ne7 63. Kd1 Nf5 64. Ke2 a4 65. bxa4+ Kxa4 66. Bf2 Kb3 67. Be1 Kc2 68. Bf2 Ne7 69. Bg1 Nc6 70. Kf2 Kd2 71. Kg3 Nb4 72. h5 Nc2 73. hxg6 hxg6 74. Kf4 Ke2 0-1

[Event "Budapest Vezerkepzo IM 03"]
[Site "Budapest"]
[Date "2022.03.24"]
[Round "7"]
[White "Tarini, Goyal"]
[Black "Srinath, Rao SV"]
[Result "1/2-1/2"]
[WhiteElo "2164"]
[BlackElo "2340"]
[PlyCount "68"]
[EventDate "2022.03.17"]
[EventType "tourn"]
[EventRounds "9"]
[EventCountry "HUN"]
[SourceTitle "CBM 207 Extra"]
[Source "ChessBase"]
[SourceDate "2022.05.31"]
[SourceVersion "1"]
[SourceVersionDate "2022.05.31"]
[SourceQuality "1"]

1. d4 Nf6 2. c4 g6 3. Nc3 Bg7 4. e4 d6 5. Be2 0-0 6. Nf3 e5 7. 0-0 Bg4 8. dxe5 Bxf3 9. Bxf3 dxe5 10. Qxd8 Rxd8 11. Nd5 Ne8 12. Rd1 Nc6 13. Bg5 f6 14. Bd2 Nd4 15. Bc3 Nxf3+ 16. gxf3 c6 17. Ne3 Nc7 18. Rxd8+ Rxd8 19. Rd1 Rxd1+ 20. Nxd1 Kf7 21. b3 Ne6 22. Nb2 h5 23. Bd2 Bf8 24. Nd3 Bd6 25. Kf1 Nd4 26. Ne1 b6 27. Be3 Ne6 28. Nd3 f5 29. Kg2 Kf6 30. a4 g5 31. h3 fxe4 32. fxe4 Nf4+ 33. Bxf4 exf4 34. f3 Ke6 1/2-1/2

[Event "Budapest Vezerkepzo IM 03"]
[Site "Budapest"]
[Date "2022.03.21"]
[Round "4"]
[White "Mitali, Madhukar Patil"]
[Black "Tarini, Goyal"]
[Result "0-1"]
[WhiteElo "1952"]
[BlackElo "2164"]
[PlyCount "100"]
[EventDate "2022.03.17"]
[EventType "tourn"]
[EventRounds "9"]
[EventCountry "HUN"]
[SourceTitle "CBM 207 Extra"]
[Source "ChessBase"]
[SourceDate "2022.05.31"]
[SourceVersion "1"]
[SourceVersionDate "2022.05.31"]
[SourceQuality "1"]

1. e4 c6 2. c4 d5 3. cxd5 cxd5 4. exd5 Nf6 5. Qa4+ Nbd7 6. Nc3 g6 7. Bc4 Bg7 8. Nf3 0-0 9. Qb3 b5 10. Nxb5 Rb8 11. Qa3 Nb6 12. d3 Nfxd5 13. 0-0 Bd7 14. Rd1 Bg4 15. Bg5 Qd7 16. Qxa7 Qf5 17. Bxe7 Bxf3 18. gxf3 Ra8 19. Qb7 Rfb8 20. Qc6 Nxe7 21. Qe4 Qxe4 22. fxe4 Bxb2 23. Rab1 Be5 24. Bb3 Na4 25. Bc4 Nc3 26. Nxc3 Bxc3 27. Rxb8+ Rxb8 28. d4 Rb4 29. Bb3 Rxd4 30. Rc1 Ba5 31. f3 Rd2 32. Rc4 Kg7 33. a4 Rd3 34. Bc2 Rxf3 35. Kg2 Ra3 36. Rc5 Bc3 37. Rc7 Kf6 38. h4 Be5 39. Rc4 Rc3 40. Rxc3 Bxc3 41. Kf3 Ke5 42. Ke3 f5 43. exf5 Nxf5+ 44. Kd3 Ba5 45. Kc4 Nxh4 46. Kb5 Be1 47. a5 Nf5 48. a6 Bf2 49. Kc6 Nd4+ 50. Kb7 Nxc2 0-1

[Event "Budapest Vezerkepzo IM 03"]
[Site "Budapest"]
[Date "2022.03.17"]
[Round "1"]
[White "Tarini, Goyal"]
[Black "Oberoi, Shelev"]
[Result "1/2-1/2"]
[WhiteElo "2164"]
[BlackElo "2232"]
[PlyCount "90"]
[EventDate "2022.03.17"]
[EventType "tourn"]
[EventRounds "9"]
[EventCountry "HUN"]
[SourceTitle "CBM 207 Extra"]
[Source "ChessBase"]
[SourceDate "2022.05.31"]
[SourceVersion "1"]
[SourceVersionDate "2022.05.31"]
[SourceQuality "1"]

1. d4 Nf6 2. Nf3 c5 3. c4 cxd4 4. Nxd4 e5 5. Nc2 d5 6. cxd5 Qxd5 7. Qxd5 Nxd5 8. e4 Nb4 9. Nxb4 Bxb4+ 10. Bd2 Nc6 11. Bb5 Bd7 12. Bxc6 Bxd2+ 13. Kxd2 Bxc6 14. Ke3 0-0-0 15. Nc3 Rd6 16. Rhd1 Rh6 17. h3 f5 18. f3 Rg6 19. Rd2 f4+ 20. Kf2 Rd8 21. Rad1 Rxd2+ 22. Rxd2 Kc7 23. a3 Rd6 24. Rxd6 Kxd6 25. b4 a5 26. Kg1 Bd7 27. Kf2 Be6 28. Ke1 Bc4 29. Kf2 b6 30. Ke1 Kc6 31. Kf2 axb4 32. axb4 b5 33. Kg1 Kd6 34. Kf2 Ke6 35. Kg1 Kf6 36. Kf2 Kg5 37. Nd1 Bd3 38. Nc3 h5 39. Nd5 Bc4 40. Nc7 Kf6 41. h4 Ke7 42. Na6 Be6 43. Nc5 Bc4 44. Na6 Be6 45. Nc7 Bc4 1/2-1/2

[Event "Titled Tuesday intern op 08th Mar Early"]
[Site "Chess.com INT"]
[Date "2022.03.08"]
[Round "7"]
[White "De Arruda, Leandro Formes"]
[Black "Tarini, Goyal"]
[Result "0-1"]
[WhiteElo "1980"]
[BlackElo "2164"]
[PlyCount "72"]
[EventDate "2022.03.08"]
[EventType "swiss (blitz)"]
[EventRounds "11"]
[EventCountry "USA"]
[SourceTitle "CBM 207 Extra"]
[Source "ChessBase"]
[SourceDate "2022.05.31"]
[SourceVersion "1"]
[SourceVersionDate "2022.05.31"]
[SourceQuality "1"]

1. d4 d5 2. Nf3 c5 3. e3 Nf6 4. Nbd2 Nc6 5. Be2 h6 6. 0-0 Bf5 7. c3 e6 8. Ne5 Bd6 9. f4 0-0 10. Qe1 Ne4 11. Bf3 f6 12. Nxc6 bxc6 13. Qh4 Nxd2 14. Bxd2 Rb8 15. b3 c4 16. b4 a5 17. a3 Qc7 18. g4 Bd3 19. Rf2 Ra8 20. Rc1 axb4 21. axb4 Ra2 22. g5 fxg5 23. fxg5 hxg5 24. Qxg5 Rxd2 25. Rxd2 Rxf3 26. Rg2 Qf7 27. Qd8+ Bf8 28. h4 Rf1+ 29. Rxf1 Qxf1+ 30. Kh2 Be4 31. Rg5 Qh1+ 32. Kg3 Qg2+ 33. Kf4 Qf3+ 34. Ke5 Qxe3 35. Kxe6 Bf5+ 36. Kxf5 Qe4# 0-1

[Event "Titled Tuesday intern op 08th Mar Early"]
[Site "Chess.com INT"]
[Date "2022.03.08"]
[Round "9"]
[White "Tarini, Goyal"]
[Black "Winkels, Marcel"]
[Result "1-0"]
[WhiteElo "2164"]
[BlackElo "1974"]
[PlyCount "169"]
[EventDate "2022.03.08"]
[EventType "swiss (blitz)"]
[EventRounds "11"]
[EventCountry "USA"]
[SourceTitle "CBM 207 Extra"]
[Source "ChessBase"]
[SourceDate "2022.05.31"]
[SourceVersion "1"]
[SourceVersionDate "2022.05.31"]
[SourceQuality "1"]

1. d4 d5 2. c4 e6 3. Nc3 c5 4. cxd5 exd5 5. Nf3 Nc6 6. g3 Nf6 7. Bg2 Be7 8. 0-0 0-0 9. dxc5 Bxc5 10. Na4 Be7 11. Be3 Bg4 12. Bc5 Bxc5 13. Nxc5 Qb6 14. Nd3 Rfe8 15. Qc2 Bxf3 16. Bxf3 Nd4 17. Qd2 Nxf3+ 18. exf3 Rac8 19. Rac1 Qd4 20. Rfd1 h6 21. Rxc8 Rxc8 22. Nf4 Qxd2 23. Rxd2 Rd8 24. Rd4 g5 25. Ne2 Kf8 26. Nc3 Ke7 27. f4 Ke6 28. fxg5 hxg5 29. h4 g4 30. Kg2 a6 31. Ne2 Rc8 32. Nf4+ Kd6 33. h5 Rh8 34. b3 Kc5 35. Rd2 d4 36. Re2 Nxh5 37. Re5+ Kd6 38. Rxh5 Re8 39. Nd3 Re2 40. Rh4 f5 41. Rh6+ Kd7 42. Rh7+ Kc6 43. Kf1 Rd2 44. Ne1 d3 45. Rh6+ Kc5 46. Rf6 Rd1 47. Rxf5+ Kd4 48. Rf4+ Kc3 49. Rc4+ Kb2 50. Rd4 Kc3 51. Rc4+ Kb2 52. Rd4 Kc3 53. Rxd3+ Rxd3 54. Nxd3 Kxd3 55. Kg2 Ke2 56. Kg1 b6 57. Kg2 b5 58. b4 Ke1 59. f3 gxf3+ 60. Kxf3 Kd2 61. g4 Kc3 62. g5 Kxb4 63. g6 Ka3 64. g7 Kxa2 65. g8Q+ Ka3 66. Qe6 a5 67. Qe3+ Ka4 68. Qd4+ b4 69. Qb2 Kb5 70. Ke4 a4 71. Kd3 a3 72. Qe5+ Ka4 73. Kc2 b3+ 74. Kb1 Kb4 75. Qd4+ Kb5 76. Qc3 Ka4 77. Qc4+ Ka5 78. Qxb3 a2+ 79. Kxa2 Ka6 80. Ka3 Ka5 81. Kb2 Ka6 82. Kc3 Ka5 83. Kc4 Ka6 84. Kc5 Ka5 85. Qa3# 1-0

[Event "Chess Super League"]
[Site "Chess.com INT"]
[Date "2021.10.15"]
[Round "5.2"]
[White "Salonika, Saina"]
[Black "Tarini, Goyal"]
[Result "1/2-1/2"]
[WhiteElo "2206"]
[BlackElo "2164"]
[PlyCount "56"]
[EventDate "2021.10.11"]
[EventType "team-tourn"]
[EventRounds "5"]
[EventCountry "IND"]
[SourceTitle "CBM 204 Extra"]
[Source "ChessBase"]
[SourceDate "2021.11.30"]
[SourceVersion "1"]
[SourceVersionDate "2021.11.30"]
[SourceQuality "1"]
[WhiteTeam "Ruthless Rooks"]
[BlackTeam "Brutal Bishops"]
[WhiteTeamCountry "IND"]
[BlackTeamCountry "IND"]

1. e4 c6 2. d4 d5 3. Nc3 dxe4 4. Nxe4 Bf5 5. Ng3 Bg6 6. h4 h6 7. Nf3 Nd7 8. h5 Bh7 9. Bd3 Bxd3 10. Qxd3 e6 11. Bd2 Ngf6 12. 0-0-0 Be7 13. Ne4 Nxe4 14. Qxe4 Nf6 15. Qe2 Qd5 16. c4 Qe4 17. Qxe4 Nxe4 18. Be3 f5 19. Nd2 Nxd2 20. Kxd2 Kf7 21. Ke2 Rhd8 22. Rd3 Rd7 23. Rhd1 Rad8 24. b3 Bf6 25. R3d2 Rd6 26. Rd3 R6d7 27. R3d2 Rd6 28. Rd3 R6d7 1/2-1/2

[Event "Chess Super League"]
[Site "Chess.com INT"]
[Date "2021.10.13"]
[Round "3.3"]
[White "Savitha Shri, B."]
[Black "Tarini, Goyal"]
[Result "1-0"]
[WhiteElo "2281"]
[BlackElo "2164"]
[PlyCount "159"]
[EventDate "2021.10.11"]
[EventType "team-tourn"]
[EventRounds "5"]
[EventCountry "IND"]
[SourceTitle "CBM 204 Extra"]
[Source "ChessBase"]
[SourceDate "2021.11.30"]
[SourceVersion "1"]
[SourceVersionDate "2021.11.30"]
[SourceQuality "1"]
[WhiteTeam "Pivotal Pawns"]
[BlackTeam "Brutal Bishops"]
[WhiteTeamCountry "IND"]
[BlackTeamCountry "IND"]

1. e4 c6 2. Nc3 d5 3. Qf3 e6 4. d4 Bb4 5. a3 dxe4 6. Qxe4 Nf6 7. Qh4 Bxc3+ 8. bxc3 c5 9. Nf3 Nc6 10. Bd3 cxd4 11. cxd4 Qa5+ 12. Bd2 Qh5 13. Qxh5 Nxh5 14. Rb1 0-0 15. 0-0 Rd8 16. Bg5 f6 17. Be3 g5 18. Rb5 Ng7 19. h3 b6 20. Rb2 Bb7 21. Bc4 Na5 22. Ba2 Bd5 23. Bxd5 exd5 24. Rc1 Nc4 25. Rb3 Rac8 26. g4 Rc6 27. Ne1 Ne6 28. Nd3 a5 29. a4 Kg7 30. Kf1 Nc7 31. Ke2 Re8 32. Kf3 Rce6 33. Nb2 Nxb2 34. Rxb2 Na6 35. Rcb1 Rc8 36. Rxb6 Rxb6 37. Rxb6 Nb4 38. Rb5 Rxc2 39. Rxa5 Ra2 40. Ra8 Nc6 41. Kg3 Ra3 42. Kg2 Rd3 43. a5 Ra3 44. a6 Nb4 45. a7 Nc6 46. Rc8 Nxa7 47. Rc5 Ra4 48. Rxd5 Nc6 49. Rd6 Ne7 50. Kf3 Kf7 51. Ke4 Rc4 52. Rb6 Ra4 53. Bd2 Ra2 54. Bb4 Ra7 55. d5 Rd7 56. Rb5 Ng6 57. Bc3 Nf4 58. Bd4 Nxh3 59. Kf5 Nf4 60. Bxf6 Nxd5 61. Bxg5 Nc3 62. Ra5 Ne2 63. Be3 Nc3 64. Ra6 Rd5+ 65. Kf4 Rd7 66. Kg5 Kg7 67. Re6 Rd5+ 68. Kh4 Nd1 69. Bb6 Rd2 70. f4 Rh2+ 71. Kg5 h6+ 72. Kf5 Rd2 73. Re7+ Kf8 74. Re6 Kg7 75. Bc7 Rd5+ 76. Be5+ Kh7 77. Re7+ Kg8 78. Kg6 Kf8 79. Re6 Nf2 80. Bg7+ 1-0

[Event "Chess Super League"]
[Site "Chess.com INT"]
[Date "2021.10.12"]
[Round "2.1"]
[White "Tarini, Goyal"]
[Black "Priyanka, K."]
[Result "0-1"]
[WhiteElo "2164"]
[BlackElo "2218"]
[PlyCount "98"]
[EventDate "2021.10.11"]
[EventType "team-tourn"]
[EventRounds "5"]
[EventCountry "IND"]
[SourceTitle "CBM 204 Extra"]
[Source "ChessBase"]
[SourceDate "2021.11.30"]
[SourceVersion "1"]
[SourceVersionDate "2021.11.30"]
[SourceQuality "1"]
[WhiteTeam "Brutal Bishops"]
[BlackTeam "Quintessential Queens"]
[WhiteTeamCountry "IND"]
[BlackTeamCountry "IND"]

1. d4 Nf6 2. c4 g6 3. g3 Bg7 4. Bg2 d6 5. Nc3 0-0 6. Nf3 c6 7. 0-0 Bf5 8. Re1 d5 9. Qb3 Qb6 10. cxd5 cxd5 11. Qxb6 axb6 12. Ne5 Nc6 13. Nxc6 bxc6 14. Bg5 h6 15. Bxf6 Bxf6 16. e3 b5 17. a3 e5 18. dxe5 Bxe5 19. Rac1 Rfe8 20. Red1 Rab8 21. Rd2 b4 22. Ne2 bxa3 23. bxa3 Rb1 24. Rxb1 Bxb1 25. Nd4 Bxd4 26. Rxd4 Ra8 27. Rb4 Bc2 28. Rb6 Rxa3 29. h4 Rc3 30. Rb7 Bf5 31. Rc7 Rc1+ 32. Kh2 Rc2 33. Kg1 h5 34. Bf3 Kg7 35. Kg2 Kf6 36. Ra7 Be6 37. Ra6 Ke5 38. Bd1 Rc1 39. Ba4 c5 40. Be8 c4 41. Rc6 c3 42. Kf3 Bg4+ 43. Kg2 Ke4 44. Rf6 c2 45. Ba4 Rg1+ 46. Kxg1 c1Q+ 47. Kg2 Bh3+ 48. Kh2 Qf1 49. Rf4+ Ke5 0-1